Nalaganje...
School without tears: an experiment in education
| Glavni avtor: | |
|---|---|
| Format: | Printed Book |
| Jezik: | English |
| Teme: |
| LEADER | 00372nam a2200109Ia 4500 | ||
|---|---|---|---|
| 008 | 101008s9999 xx 000 0 eng d | ||
| 100 | |a Jenkins, Mollie | ||
| 245 | |a School without tears: an experiment in education | ||
| 650 | |a Education | ||
| 942 | |c BK | ||
| 999 | |c 184808 |d 184808 | ||
| 952 | |0 0 |1 0 |4 0 |7 0 |9 204101 |a EDU |b EDU |c ST1 |d 2010-10-20 |i G107 |l 1 |p EDUG107 |r 2012-06-07 |s 2012-03-16 |w 2010-10-20 |y BK | ||